000 00470cam a2200181ua 4500
041 _aeng
_h
082 _a631.5841
_bRAJ/EC
100 _aRaju, V T .
245 _aEconomics of farm production and management /
_cV.T.Raju.
_hTextual Documents
260 _aNew Delhi :
_bOxford & IBH Publishing company ,
_c1993.
300 _a205 ; .
504 _a
942 _cBK
999 _c3061
_d3061